000 00538nam a2200157 a 4500
001 000030282
005 20200930060209.0
008 110509s1996 dr 000 0 spa d
040 _aDO-SdBNP
_bspa
_cBNPHU
082 _axxx
_bE82p
100 1 _aEstrella Rodríguez, Víctor Antonio
_956960
245 1 0 _aParadigmas fenomenológicos desde la metapsíquica hasta la psicología transpersonal /
_cVíctor Antonio Estrella Rodríguez.
260 _aSantiago de los Caballeros :
_bJerez,
_c1996.
300 _a21 cm. ;
_c22 cm.
049 _aBNPD
999 _c29774
_d29774